Provinces of Manchukuo in 1938 on a Map - Statistics

General Stats
  • This quiz has been taken 28 times
  • The average score is 4 of 14
Answers on the Map
Answers color-coded by a green-red scale on the quiz's map according to % correct below.
 
Answer Stats
Province % Correct
Jilin
92%
Rehe
67%
Andong
33%
Fengtian
33%
Heihe
33%
Jiandao
25%
Jinzhou
25%
Binjiang
17%
East Xing'an
17%
Longjiang
17%
North Xing'an
17%
Sanjiang
17%
South Xing'an
17%
West Xing'an
17%
No matching quizzes found
Score Distribution
Percent of People with Each Score
Percentile by Number Answered
Your Score History
You have not taken this quiz